| 000 | 00399nam a2200133Ia 4500 | ||
|---|---|---|---|
| 008 | 220217s9999 xx 000 0 und d | ||
| 245 | 0 | _aSpecification for zinc oxide for rubber industry | |
| 260 | _aNew Delhi | ||
| 260 |
_c1965 _bISI |
||
| 490 | _aRubb Products raw materials (Pigments)SubcomCDC6:5 | ||
| 500 | _aStandard number: IS 3399 | ||
| 650 | _aRubber products raw materials | ||
| 942 | _cST | ||
| 999 |
_c73645 _d73645 |
||